<?xml version="1.0" encoding="UTF-8"?>
<record
    xmlns:xsi="http://www.w3.org/2001/XMLSchema-instance"
    xsi:schemaLocation="http://www.loc.gov/MARC21/slim http://www.loc.gov/standards/marcxml/schema/MARC21slim.xsd"
    xmlns="http://www.loc.gov/MARC21/slim">

  <leader>01612nam a22002897i 4500</leader>
  <datafield tag="999" ind1=" " ind2=" ">
    <subfield code="c">22893</subfield>
    <subfield code="d">22893</subfield>
  </datafield>
  <controlfield tag="003">AR-CdUCM</controlfield>
  <controlfield tag="008">240513b20132013 pe||||| |||| 00| 0 spa d</controlfield>
  <datafield tag="020" ind1=" " ind2=" ">
    <subfield code="a">978-612-4201-18-9</subfield>
  </datafield>
  <datafield tag="040" ind1=" " ind2=" ">
    <subfield code="a">MUNICIPALIDAD PROVINCIAL DEL CUSCO</subfield>
    <subfield code="c">BIBLIOTECA MUNICIPAL DEL CUSCO</subfield>
  </datafield>
  <datafield tag="082" ind1=" " ind2=" ">
    <subfield code="a">305.420985 / M22</subfield>
    <subfield code="b">M22</subfield>
  </datafield>
  <datafield tag="100" ind1=" " ind2=" ">
    <subfield code="a">Mannarelli, Maria Emma.</subfield>
  </datafield>
  <datafield tag="245" ind1=" " ind2=" ">
    <subfield code="a">Las mujeres y sus propuestas educativas, 1870 - 1930 /</subfield>
  </datafield>
  <datafield tag="260" ind1=" " ind2=" ">
    <subfield code="a">Lima :</subfield>
    <subfield code="b">Derrama Magisterial,</subfield>
    <subfield code="c">2013</subfield>
  </datafield>
  <datafield tag="300" ind1=" " ind2=" ">
    <subfield code="a">390 p&#xE1;ginas. :</subfield>
    <subfield code="c">25 cm.</subfield>
  </datafield>
  <datafield tag="500" ind1=" " ind2=" ">
    <subfield code="z">Bibliograf&#xED;a: p&#xE1;ginas 389 - 390</subfield>
  </datafield>
  <datafield tag="505" ind1=" " ind2=" ">
    <subfield code="a">Mercedes Cabello de Carbonera -- Influencia de la mujer en la civilizaci&#xF3;n 1874 -- Necesidad de una industria para la mujer -- La lectura -- Importancia de la literatura -- Teresa Gonz&#xE1;les de Fanning -- Educaci&#xF3;n femenina -- Clorinda Matto de Turner -- La educacion de la mujer en Estados Unidos 1891 -- Esther Festini -- Elvira Garc&#xED;a y Garc&#xED;a -- Escuela para golfas -- Mar&#xED;a Jes&#xFA;s Alvarado -- El feminismo 1911 -- Lastenia Larriva de Llona -- Virtudes y vicios femeninos -- La actividad femenina -- Miguelina Acosta C&#xE1;rdenas -- Escuelas rurales ambulantes para la educacion de los ni&#xF1;os ind&#xED;genas </subfield>
  </datafield>
  <datafield tag="650" ind1=" " ind2=" ">
    <subfield code="a">Mercedes Cabello de Carbonera</subfield>
    <subfield code="9">49823</subfield>
  </datafield>
  <datafield tag="650" ind1=" " ind2=" ">
    <subfield code="a">Teresa Gonz&#xE1;les de Fanning</subfield>
    <subfield code="9">49824</subfield>
  </datafield>
  <datafield tag="650" ind1=" " ind2=" ">
    <subfield code="a">Clorinda Matto de Turner</subfield>
    <subfield code="9">29945</subfield>
  </datafield>
  <datafield tag="650" ind1=" " ind2=" ">
    <subfield code="a">Esther Festini</subfield>
    <subfield code="9">49825</subfield>
  </datafield>
  <datafield tag="650" ind1=" " ind2=" ">
    <subfield code="a">Elvira Garc&#xED;a y Garc&#xED;a</subfield>
    <subfield code="9">49826</subfield>
  </datafield>
  <datafield tag="650" ind1=" " ind2=" ">
    <subfield code="a">Mar&#xED;a Jes&#xFA;s Alvarado</subfield>
    <subfield code="9">49827</subfield>
  </datafield>
  <datafield tag="650" ind1=" " ind2=" ">
    <subfield code="a">Lastenia Larriva de Llona</subfield>
    <subfield code="9">49828</subfield>
  </datafield>
  <datafield tag="650" ind1=" " ind2=" ">
    <subfield code="a">Miguelina Acosta C&#xE1;rdenas</subfield>
    <subfield code="9">49829</subfield>
  </datafield>
  <datafield tag="942" ind1=" " ind2=" ">
    <subfield code="2">ddc</subfield>
    <subfield code="c">LIBROS</subfield>
  </datafield>
  <datafield tag="945" ind1=" " ind2=" ">
    <subfield code="a">pbj</subfield>
    <subfield code="d">2024-05-13</subfield>
  </datafield>
  <datafield tag="952" ind1=" " ind2=" ">
    <subfield code="0">0</subfield>
    <subfield code="2">ddc</subfield>
    <subfield code="4">0</subfield>
    <subfield code="7">0</subfield>
    <subfield code="a">HEM</subfield>
    <subfield code="b">SH</subfield>
    <subfield code="c">CART</subfield>
    <subfield code="d">2024-05-13</subfield>
    <subfield code="e">Dep&#xF3;sito Legal</subfield>
    <subfield code="g">20.00</subfield>
    <subfield code="o">305.420985 / M22 </subfield>
    <subfield code="p">SH0000016729</subfield>
    <subfield code="r">2024-05-13</subfield>
    <subfield code="y">LIBROS</subfield>
  </datafield>
</record>
